000 00832nam a2200217Ia 4500
003 IN-BaIIA
008 211028s9999 xx 000 0 eng d
020 _a90-277-0470-8
040 _cIIA Library
080 _a082.2:52
_bIAU-S66
111 _aInternational Astronomical Union Symposium
_n66th
_cWarsaw, Poland
_d1973 Sep. 10-12
_98355
245 0 _aLate stages of stellar evolution
_bproceedings of the IAU symposium no.66 (Copernicus Symposium V), held in Warsaw, Poland, September 10-12, 1973
_cedited by R. J. Tayler
260 _aDordrecht
_bD. Reidel Publishing
_c1974
300 _aviii, 269p.
490 _aIAU Symposium; no. 66
650 _a Star formation
_98356
650 _a Stellar evolution 
_98357
650 _aAstronomy and Astrophysics Thesaurus 
_91143
700 _aTayler, R. J., ed.
_98358
942 _cBK
999 _c4713
_d4713